000
00243nam a2200097Ia 4500
001
1215565
005
20250827024553.0
008
250824s9999 xx 000 0 und d
245
0
_a
RUBY ROGERS ANLAT BANA
_c
SUE LİMB
260
_b
ALTIN KİTAPLAR
999
_c
1215565
_d
1215565